00618nam a2200169 i 4500001000700000003000900007005001700016007000300033008004100036100003500077245018700112260004300299300002100342650003000363710003200393852002300425101662ES-MaACL20250806033816.0t|051021s1958 sp |||| | spa d1 aMelchor de las Heras, Antonio.13aLa influencia de los valores morales sobre el ordenamiento jurídico, base de un mundo mejor b: [conferencia pronunciada en el Ateneo Mercantil de Valencia... 12 de abril de 1956]. aValencia : bAteneo Mercantil, c1958. a58 p. ; c18 cm. 7aÉtica jurídica2embne2 aAteneo Mercantil (Valencia) aES-MaACLj1998-F-2